Elements of chemical reaction engineering /
Guardado en:
| Autor Principal: | |
|---|---|
| Formato: | Libro |
| Idioma: | English |
| Publicado: |
Upper Saddle River, N.J. :
Prentice Hall PTR,
c1999.
|
| Edición: | 3rd ed. |
| Series: | Prentice-Hall international series in the physical and chemical engineering sciences
|
| Materias: | |
| Etiquetas: |
Agregar Etiqueta
Sin Etiquetas, Sea el primero en etiquetar este registro!
|
| LEADER | 01068cam a22002535a 4500 | ||
|---|---|---|---|
| 001 | EIQ.libpla003261 | ||
| 008 | 960130s1999####njua#####b####001#0#eng#d | ||
| 005 | 20071115151351.0 | ||
| 245 | 1 | 0 | |a Elements of chemical reaction engineering / |c H. Scott Fogler. |
| 250 | |a 3rd ed. | ||
| 260 | |a Upper Saddle River, N.J. : |b Prentice Hall PTR, |c c1999. | ||
| 300 | |a xxx, 967 p. : |b il. ; |c 25 cm. + |e 1 CD-ROM. | ||
| 538 | |a Requerimiento de sistema para acompañar el CD: Windows 95/NT ; Power Macintosh (No funcionan modulos ejecutables). | ||
| 440 | 0 | |a Prentice-Hall international series in the physical and chemical engineering sciences | |
| 504 | |a Incluye referencias bibliográficas e índice. | ||
| 020 | |a 0135317088 (cloth) | ||
| 100 | 1 | |a Fogler, H. Scott. | |
| 082 | 0 | 0 | |a 660/.28 |2 20 |
| 650 | 4 | |a Reactores químicos |x Elementos. | |
| 650 | 4 | |a Chemical reactors |x Elements. | |
| 010 | |a 96001052 | ||
| 040 | |a DLC |c DLC |d AR-BbSID | ||
| 859 | |a AR-BbSID |b BIB. PLAPIQUI |h 660.28 |i F 689 |p 5008 |t Ej. 1 |v Ej. 1 | ||
| 859 | |a AR-BbSID |b BIB. PLAPIQUI |h 660.28 |i F 689 |p 5613 |t Ej. 2 |v Ej. 2 | ||
